[Event "Bayern-ch Seniors 13th"]
[Site "Schloss Schney"]
[Date "2001.??.??"]
[Round "9"]
[White "Braeu, Emmi"]
[Black "Zehentbauer, Otto"]
[Result "1-0"]
[WhiteElo "1534"]
[BlackElo "1721"]
[PlyCount "115"]
[EventDate "2001.06.??"]
[EventType "swiss"]
[EventRounds "9"]
[EventCountry "GER"]
[SourceTitle "EXT 2006"]
[Source "ChessBase"]
[SourceDate "2005.11.24"]
[SourceVersion "1"]
[SourceVersionDate "2005.11.24"]
[SourceQuality "1"]

1. d4 c6 2. c4 d5 3. cxd5 cxd5 4. Nf3 Nc6 5. Nc3 e6 6. Bf4 a6 7. e3 Nf6 8. h3 Bd6 9. Bxd6 Qxd6 10. Rc1 0-0 11. Bd3 e5 12. dxe5 Nxe5 13. Bb1 Rd8 14. 0-0 b5 15. Nd4 b4 16. Nce2 g6 17. Qc2 Qf8 18. Qc5 Qxc5 19. Rxc5 Nc4 20. b3 Nd2 21. Rfc1 Nxb1 22. Rxb1 Ne4 23. Rc7 h5 24. Rbc1 Kf8 25. Nc6 Rd7 26. Nxb4 Rxc7 27. Rxc7 Be6 28. Nf4 a5 29. Nbxd5 Bxd5 30. Nxd5 Rd8 31. Nc3 Nxc3 32. Rxc3 Rd1+ 33. Kh2 Rd2 34. Kg3 Rxa2 35. Kf4 Ra3 36. Rc5 Rxb3 37. Rxa5 Rb2 38. h4 Ke7 39. Kg3 Rb3 40. Ra7+ Kf6 41. Ra6+ Ke7 42. Ra2 Kf6 43. Kf4 Rb5 44. e4 Kg7 45. Re2 Kh6 46. e5 Rb4+ 47. Re4 Rb2 48. Kg3 g5 49. hxg5+ Kxg5 50. f3 Kf5 51. Rf4+ Kg6 52. Rf6+ Kg7 53. Kh3 Rb5 54. f4 Rb3+ 55. Kh2 h4 56. Rf5 Kg6 57. Rg5+ Kh6 58. Rg4 1-0

[Event "Bayern-ch Seniors 13th"]
[Site "Schloss Schney"]
[Date "2001.??.??"]
[Round "7"]
[White "Claus, Joachim"]
[Black "Zehentbauer, Otto"]
[Result "1-0"]
[WhiteElo "1875"]
[BlackElo "1721"]
[PlyCount "102"]
[EventDate "2001.06.??"]
[EventType "swiss"]
[EventRounds "9"]
[EventCountry "GER"]
[SourceTitle "EXT 2006"]
[Source "ChessBase"]
[SourceDate "2005.11.24"]
[SourceVersion "1"]
[SourceVersionDate "2005.11.24"]
[SourceQuality "1"]

1. e4 c6 2. d4 d5 3. exd5 cxd5 4. Bd3 Nc6 5. c3 g6 6. Bf4 Bg7 7. Nd2 e5 8. dxe5 Nxe5 9. Qe2 Qe7 10. Bb5+ Bd7 11. Bxe5 Bxb5 12. Qxb5+ Kf8 13. 0-0-0 Bxe5 14. Re1 Qd6 15. Ngf3 Bf6 16. Re2 Ne7 17. Rd1 Kg7 18. Kb1 a6 19. Qd3 Qb6 20. g4 Rhc8 21. Nb3 Kf8 22. h4 a5 23. Nbd4 Rc7 24. g5 Bg7 25. Ne5 Bxe5 26. Rxe5 Rac8 27. Rc1 Rc4 28. Ree1 Qd6 29. Qe3 Qd7 30. Qe5 Re8 31. Re3 Ng8 32. Qxe8+ Qxe8 33. Rxe8+ Kxe8 34. Re1+ Kd7 35. Kc2 Ne7 36. b3 Rc8 37. Kd3 Kd6 38. Re3 Rf8 39. Rf3 Ke5 40. Rf6 Nf5 41. Ne2 d4 42. cxd4+ Nxd4 43. f4+ Kd5 44. Nc3+ Kc5 45. Ne4+ Kb4 46. Kxd4 Rd8+ 47. Ke3 Ka3 48. Rxf7 b5 49. Ra7 Kxa2 50. Rxa5+ Kxb3 51. Rxb5+ Kc4 1-0

[Event "Bayern-ch Seniors 13th"]
[Site "Schloss Schney"]
[Date "2001.??.??"]
[Round "6"]
[White "Zehentbauer, Otto"]
[Black "Fels, Karl Heinz"]
[Result "0-1"]
[WhiteElo "1721"]
[BlackElo "1765"]
[PlyCount "128"]
[EventDate "2001.06.??"]
[EventType "swiss"]
[EventRounds "9"]
[EventCountry "GER"]
[SourceTitle "EXT 2006"]
[Source "ChessBase"]
[SourceDate "2005.11.24"]
[SourceVersion "1"]
[SourceVersionDate "2005.11.24"]
[SourceQuality "1"]

1. c4 Nf6 2. Nc3 e6 3. Nf3 Bb4 4. d3 0-0 5. Qc2 h6 6. a3 Bxc3+ 7. Qxc3 c5 8. g3 b6 9. Bg2 Bb7 10. 0-0 Qc7 11. Bf4 d6 12. Qc1 Nh7 13. h4 e5 14. Bd2 f5 15. e3 Nd7 16. Nh2 Bxg2 17. Kxg2 e4 18. Qc2 Rae8 19. dxe4 fxe4 20. Bc3 Nhf6 21. Qe2 Ne5 22. Bxe5 Rxe5 23. Ng4 Nxg4 24. Qxg4 Rf3 25. Rad1 Qe7 26. Qc8+ Rf8 27. Qc6 Re6 28. Rd2 Qf6 29. Qd5 Qe7 30. Qh5 Ref6 31. Qg4 Rf5 32. Qd1 R8f6 33. Rh1 Qf8 34. Rf1 Rf3 35. Qe1 g5 36. Rh1 g4 37. Rf1 Qf7 38. Rd5 b5 39. b3 bxc4 40. bxc4 Qb7 41. Qc3 Qb6 42. Rd2 Qd8 43. Rb2 Qf8 44. Qd2 Qf7 45. Rb8+ Kg7 46. Qb2 Kg6 47. Rb7 Qxc4 48. h5+ Kxh5 49. Rg7 Rg6 50. Rh1+ Kg5 51. Rxg6+ Kxg6 52. Qd2 Rf6 53. Rh4 h5 54. Qb2 Qe6 55. Qc3 Qf5 56. Qb2 Qf3+ 57. Kf1 d5 58. Ke1 Rc6 59. Qa1 d4 60. Qa2 c4 61. exd4 e3 62. Qc2+ Kf6 63. Qb1 Qxf2+ 64. Kd1 Qd2# 0-1